| 000 | 00644cam a2200205ua 4500 | ||
|---|---|---|---|
| 001 | 6395 | ||
| 008 | 131205n ii |||gr||||Z||||||eng | ||
| 040 | _cMAIN | ||
| 082 | _a651.3 | ||
| 245 |
_aOffice and administrative management : _bSystem analysis,data processing,and office services / _cBy C.L. Littlefield . |
||
| 250 | _a3rd ed. | ||
| 260 |
_aNew delhi: _bPrentice-hall of India pvt ltd., _c1971. |
||
| 300 | _axxi,517p. | ||
| 653 | _aCommerce | ||
| 653 | _aOffice and administrative management | ||
| 700 |
_aLittlefield,C.L., _eAuthor., |
||
| 700 | 1 |
_aRachel,Frank M., _eAuthor. |
|
| 700 | 1 |
_aCaruth,Donald L., _eAuthor. |
|
| 942 | _cBK | ||
| 999 |
_c5545 _d5545 |
||